000 00607nam a2200241Ia 4500
003 OSt
005 20221007101227.0
006 a|||||r|||| 00| 0
007 ta
008 221006b |||||||| |||| 00| 0 eng d
024 _a6,072
037 _cTextual
040 _aLCO
_cLCO
_beng
041 _2eng
_aeng
082 _aZ2,7,16, L3
100 _aTEWARI O P
_9687037
245 0 _aArbitration Act. (In Hindi)
260 _aAllahabad
_bLaw Agency
_c1973
300 _a143
650 _aARBITRATION ACT
942 _hZ2,7,16, L3
_cTEXL
999 _c1175635
_d1175635